• 首页
  • 本馆介绍
  • 公告通知
  • 最新文献
  • 馆藏检索
  • 电子资源
  • 读者导购
  • 参考咨询
  • 我的图书馆
  • 登录
  • 详细信息显示
  • 放入我的书架
  • 预约/预借图书
  • 作者相关作品
  • 分类相关作品
  • 丛书相关作品
  • 出版社相关作品

书目信息

  • 表格格式
  • 工作单格式
  • 卡片格式
题名:
中国棋王
    
 
作者: 冯建林 著
分册:   围棋卷
出版信息: 郑州   河南文艺出版社  2017
页数: 197页
开本: 21cm
丛书名:
单 册:
中图分类: K825.47
科图分类:
主题词: 棋类运动--名人--列传--中国 , 围棋--名人--列传--中国
电子资源:
ISBN: 978-7-5559-0460-1
000 00801nam0 2200229 450
001 5819
005 20180529223636.23
010    @a978-7-5559-0460-1@dCNY20.00
100    @a20170802d2017 em y0chiy50 ea
101 0  @achi
102    @aCN@b410000
105    @aa z 000yc
200 1  @a中国棋王@9zhong guo qi wang@i围棋卷@f冯建林著
210    @a郑州@c河南文艺出版社@d2017
215    @a197页@c图@d21cm
330    @a本书讲述了中国历史上的十大围棋王的生平历史及传奇故事,包括:唐代的绝代棋王王积薪、镇神圣”顾师言、宋代棋圣刘仲甫、明代棋神方新、倚盖宗师过百龄、清代棋圣范西屏等人。
606 0  @a棋类运动@x名人@x列传@y中国
606 0  @a围棋@x名人@x列传@y中国
690    @aK825.47@v5
701  0 @a冯建林@9feng jian lin@f(1970-)@4著
801  0 @aCN@b91MARC@c20170802
905    @aMuseLib@dK825.47@e1115
    
    中国棋王.围棋卷/冯建林著.-郑州:河南文艺出版社,2017
    197页:图;21cm
    
    
    ISBN 978-7-5559-0460-1:CNY20.00
    本书讲述了中国历史上的十大围棋王的生平历史及传奇故事,包括:唐代的绝代棋王王积薪、镇神圣”顾师言、宋代棋圣刘仲甫、明代棋神方新、倚盖宗师过百龄、清代棋圣范西屏等人。
●
相关链接 在E读中查询图书 在五车中查询图书 在当当中查询图书 在豆瓣中查询图书


正题名:中国棋王     索取号:K825.47/1115         预约/预借

序号 登录号 条形码 馆藏地/架位号 状态 备注
1 1115116   211151162   第二样本阅览室/ [索取号:K825.47/1115] 在馆    
2 1115117   211151171   教育系资料室/ [索取号:K825.47/1115] 在馆    
3 1115118   211151180   教育系资料室/ [索取号:K825.47/1115] 在馆    
4 1115119   211151199   教育系资料室/ [索取号:K825.47/1115] 在馆    
5 1115120   211151206   第二借阅区/ [索取号:K825.47/1115] 在馆    
6 1115121   211151215   第二借阅区/ [索取号:K825.47/1115] 在馆    
唐山师范学院图书馆 欢迎您!
大连网信软件有限公司© 版权所有